SULPHIDE MINERALIZATION IN UPPER WESTPHALIAN COAL SEAMS FROM THE EASTERN PART OF THE UPPER SILESIAN COAL BASIN

Bibliographic Details
Main Authors: Kucha, Henryk (Author), Lipiarski, Ireneusz (Author)
Format: Article
Language:English

MARC

LEADER 00000naa a2200000uu 4500
001 vtls010960736
003 SK-MaSNL
005 20260302120923.0
008 210906|1997 xo |||||||||||||||||eng|
015 |a SNBRA 
035 |a (urnnbn)urn:nbn:sk:snk:ar-a0brkh 
035 |a (uuid)580e6639-0143-4253-944a-36ffc36fdad7 
035 |a urn:nbn:sk:snk-aauj8k 
040 |a SNKBUCL  |b slo  |c SNKBUCL  |e AACR2 
041 0 |a eng 
044 |a xo  |c SK 
100 1 |a Kucha, Henryk  |4 aut  |9 802180 
245 1 0 |a SULPHIDE MINERALIZATION IN UPPER WESTPHALIAN COAL SEAMS FROM THE EASTERN PART OF THE UPPER SILESIAN COAL BASIN  |c Henryk Kucha, Ireneusz Lipiarski 
700 1 |a Lipiarski, Ireneusz  |4 aut  |9 802181 
773 0 |t Poznatky výskumu a prieskumu v geológii. Sekcia č. 1  |d Košice : Štroffek, 1997  |g S. 99-102  |z 8088896029 
958 |a OND 
958 |a article11 
958 |a chapter 
999 |c 1271908  |d 1273838